| 000 | 00943cam a22002174a 4500 | ||
|---|---|---|---|
| 020 | _a9780896291713 (alk. paper) | ||
| 020 | _a0896291715 (alk. paper) | ||
| 040 | _cDLC | ||
| 082 | 0 | 0 | _a 338 INT 2009 C152 Or. |
| 245 | 0 | 0 |
_aSuccessful organizational learning in the management of agricultural research and innovation : _bthe Mexican produce foundations / |
| 246 | 3 | 0 | _aMexican produce foundations |
| 260 |
_aWashington, D.C. : _bInternational Food Policy Research Institute, _cc2009. |
||
| 300 |
_axvi, 135 p. ; _c26 cm. |
||
| 490 | 1 | _aIFPRI research report ; | |
| 650 | 0 | _aAgriculture | |
| 650 | 0 | _aAgricultural innovations | |
| 650 | 0 | _aOrganizational learning. | |
| 700 | 1 | _aEkboir, Javier. | |
| 710 | 2 | _aInternational Food Policy Research Institute. | |
| 942 | _cAEDBB | ||
| 999 |
_c18791 _d18791 |
||